[Event "4NCL Division 4 South"]
[Site "Reading, ENG"]
[Date "2017.11.11"]
[Round "1.55"]
[White "Mashayekh, Majid"]
[Black "Saidmurodov, Shahjahon"]
[Result "1/2-1/2"]
[WhiteElo "1913"]
[BlackElo "1609"]
[PlyCount "53"]
[EventDate "2017.11.11"]
[WhiteTeam "CSC 2"]
[BlackTeam "CSC 3"]

1. d4 Nf6 2. Nf3 b6 3. g3 Bb7 4. Bg2 e6 5. c4 Bb4+ 6. Nc3 d5 7. Qa4+ Nc6 8. Ne5
O-O 9. Nxc6 Bxc3+ 10. bxc3 Qd7 11. Ne7+ Qxe7 12. Ba3 c5 13. O-O Qc7 14. dxc5
bxc5 15. cxd5 Bxd5 16. e4 Bb7 17. Rab1 Nd7 18. Rfd1 Nb6 19. Qb5 Rfc8 20. Qe2
Rd8 21. Qh5 Na4 22. Bb2 Nxb2 23. Rxb2 Rxd1+ 24. Qxd1 Rd8 25. Rd2 Rxd2 26. Qxd2
h6 27. Qd3 1/2-1/2

[Event "4NCL Division 4 South"]
[Site "Reading, ENG"]
[Date "2017.11.11"]
[Round "1.56"]
[White "John, Joshua"]
[Black "Lees, Fraser A"]
[Result "0-1"]
[WhiteElo "1529"]
[BlackElo "1883"]
[PlyCount "134"]
[EventDate "2017.11.11"]
[WhiteTeam "CSC 3"]
[BlackTeam "CSC 2"]

1. d4 Nf6 2. c4 g6 3. f3 Bg7 4. e4 d6 5. Nc3 O-O 6. Be3 e5 7. d5 Nh5 8. Qd2 Nf4
9. Nge2 f5 10. O-O-O Nxe2+ 11. Bxe2 f4 12. Bf2 Nd7 13. h4 h5 14. Rdg1 Nf6 15.
g3 Kh7 16. Kb1 Bd7 17. Rg2 Be8 18. Rhg1 a6 19. gxf4 exf4 20. Qxf4 Ng4 21. Qg3
Be5 22. Qh3 Nxf2 23. Rxf2 Bd4 24. Rfg2 Bxg1 25. Rxg1 Bd7 26. Qg3 Qf6 27. Bd3
Be8 28. e5 Qxe5 29. Ne4 Qxg3 30. Rxg3 Rc8 31. Ng5+ Kh6 32. Ne6 Rf6 33. Kc2 c6
34. Kd2 cxd5 35. cxd5 Bf7 36. f4 Bxe6 37. dxe6 Re8 38. Ke3 Rexe6+ 39. Kf3 d5
40. Rg5 d4 41. Be4 b6 42. Rg2 Rd6 43. Bd3 a5 44. Re2 Rfe6 45. Re5 Kg7 46. Ke4
Rxe5+ 47. fxe5 Rd8 48. Kf4 Kf7 49. Kg5 Ke6 50. Kxg6 Kxe5 51. Kxh5 Rg8 52. Kh6
Rg3 53. Bg6 d3 54. Bxd3 Rxd3 55. h5 Rd2 56. Kg7 Rxb2 57. h6 Rxa2 58. h7 Rh2 59.
h8=Q Rxh8 60. Kxh8 a4 61. Kg7 a3 62. Kh6 a2 63. Kg5 a1=Q 64. Kg4 Qf1 65. Kh4
Qg2 66. Kh5 Kf5 67. Kh6 Qg6# 0-1

[Event "4NCL Division 4 South"]
[Site "Reading, ENG"]
[Date "2017.11.11"]
[Round "1.61"]
[White "Lambourne, Dan M"]
[Black "Smith, Steve"]
[Result "1-0"]
[WhiteElo "1980"]
[BlackElo "1821"]
[PlyCount "65"]
[EventDate "2017.11.11"]
[WhiteTeam "MK Phoenix 2"]
[BlackTeam "West is Best 4"]

1. d4 d5 2. Nf3 Nf6 3. c4 c6 4. e3 e6 5. Be2 Nbd7 6. O-O dxc4 7. Bxc4 b5 8. Bd3
Bb7 9. e4 Be7 10. Nc3 b4 11. Ne2 h6 12. Ng3 O-O 13. Be3 c5 14. Rc1 cxd4 15.
Bxd4 Qa5 16. Qe2 Nc5 17. Bxc5 Bxc5 18. Nd2 Be7 19. Nc4 Qd8 20. Rfd1 Qb8 21. Na5
e5 22. Bb5 Rc8 23. Nc6 Qc7 24. Nf5 Bxc6 25. Rxc6 Qb7 26. Ba6 Qxc6 27. Nxe7+ Kf8
28. Nxc6 Rxc6 29. Bb7 Rac8 30. Bxc6 Rxc6 31. f3 Ke7 32. Qb5 Rb6 33. Qxe5+ 1-0

[Event "4NCL Division 4 South"]
[Site "Reading, ENG"]
[Date "2017.11.11"]
[Round "1.62"]
[White "Di-Vetta, Andrew"]
[Black "Valentine, Brian J"]
[Result "1/2-1/2"]
[WhiteElo "1806"]
[BlackElo "1937"]
[PlyCount "94"]
[EventDate "2017.11.11"]
[WhiteTeam "West is Best 4"]
[BlackTeam "MK Phoenix 2"]

1. d4 Nf6 2. Nf3 e6 3. Bf4 b6 4. Nbd2 Bb7 5. h3 c5 6. e3 cxd4 7. exd4 Nc6 8. c3
Be7 9. Bd3 O-O 10. Qc2 Rc8 11. Qb1 h6 12. O-O d6 13. Re1 a6 14. Nf1 Na5 15.
N3d2 d5 16. Ne3 Bd6 17. Bxd6 Qxd6 18. Qd1 Ne4 19. f3 Nf6 20. Qe2 b5 21. Nef1
Nc4 22. Nb3 Nh5 23. Qf2 Nf4 24. Red1 Rc7 25. Bb1 b4 26. Nc5 bxc3 27. bxc3 Bc8
28. Ne3 Nh5 29. Qc2 g6 30. Ng4 Na3 31. Qd2 Qf4 32. Qxf4 Nxf4 33. Nxh6+ Kg7 34.
Ng4 Nb5 35. Rc1 Nd6 36. Nf2 a5 37. g3 Nh5 38. Kg2 Nf6 39. Bd3 Nd7 40. Na4 Nc4
41. Rcb1 Ba6 42. Rb3 Ra8 43. Rc1 Nd2 44. Rb2 Nc4 45. Bxc4 Rxc4 46. Nb6 Nxb6 47.
Rxb6 Ra4 1/2-1/2

[Event "4NCL Division 4 South"]
[Site "Reading, ENG"]
[Date "2017.11.11"]
[Round "1.63"]
[White "Adebajo, Olufemi"]
[Black "Hurley, Jake"]
[Result "0-1"]
[WhiteElo "1922"]
[BlackElo "1698"]
[PlyCount "116"]
[EventDate "2017.11.11"]
[WhiteTeam "MK Phoenix 2"]
[BlackTeam "West is Best 4"]

1. e4 a6 2. g3 d5 3. Nc3 d4 4. Nce2 Nf6 5. Bg2 e5 6. d3 c5 7. Nf3 Nc6 8. O-O h6
9. Nh4 g5 10. Nf5 Bxf5 11. exf5 Qd7 12. c3 Bg7 13. cxd4 exd4 14. Qc2 Qxf5 15.
f4 Nb4 16. Qa4+ b5 17. Nxd4 Qxd3 18. Nxb5 O-O 19. Nc3 Qd4+ 20. Kh1 Ng4 21. Bxa8
Rxa8 22. fxg5 Qc4 23. Qd1 Nc2 24. gxh6 Bxc3 25. Rf4 Qxf4 26. Bxf4 Nf2+ 27. Kg2
Nxd1 28. Rxd1 Bd4 29. Kf3 f5 30. b3 Re8 31. Bd2 Re4 32. h3 Be5 33. g4 Nd4+ 34.
Kf2 Re2+ 35. Kf1 Bg3 36. Be1 Bxe1 37. Rxd4 cxd4 38. Kxe2 Bc3 39. gxf5 Kh7 40.
Kd3 Kxh6 41. a3 Kg5 42. Ke4 Bb2 43. a4 a5 44. h4+ Kf6 45. Kf4 Bc1+ 46. Ke4 Be3
47. b4 axb4 48. a5 b3 49. Kd3 Kxf5 50. a6 b2 51. Kc2 b1=Q+ 52. Kxb1 d3 53. Kb2
Ke4 54. h5 Kf3 55. h6 Bd4+ 56. Kb3 d2 57. h7 d1=Q+ 58. Kc4 Qa1 0-1

[Event "4NCL Division 4 South"]
[Site "Reading, ENG"]
[Date "2017.11.11"]
[Round "1.64"]
[White "Melsom, Jonathan T"]
[Black "Whiteside, Robert"]
[Result "1/2-1/2"]
[WhiteElo "1721"]
[BlackElo "1817"]
[PlyCount "95"]
[EventDate "2017.11.11"]
[WhiteTeam "West is Best 4"]
[BlackTeam "MK Phoenix 2"]

1. e4 e6 2. d4 d5 3. Nc3 Nf6 4. Bg5 Bb4 5. e5 h6 6. Be3 Ne4 7. Qg4 g6 8. Nge2
c5 9. a3 Qa5 10. Bd2 Nxd2 11. Kxd2 Nc6 12. Qf4 cxd4 13. Nxd4 Be7 14. Qe3 Bc5
15. Bb5 Qb6 16. Bxc6+ bxc6 17. Nce2 Ba6 18. b4 Be7 19. c3 Bc4 20. Rhb1 Rb8 21.
Nc2 Qc7 22. f4 O-O 23. Ned4 Kh7 24. g4 Rfd8 25. Qh3 g5 26. Qh5 Rf8 27. Nf3 f6
28. f5 exf5 29. gxf5 Rg8 30. Ncd4 Qc8 31. Ne6 Qe8 32. Qxe8 Rbxe8 33. Nfd4 fxe5
34. Nxc6 Bf6 35. Na5 Rc8 36. a4 d4 37. Nxc4 Rxc4 38. Ra3 Rgc8 39. Nc5 dxc3+ 40.
Rxc3 Rf4 41. Ke2 Rxf5 42. Rd1 Rf4 43. Rd7+ Kg6 44. b5 Rb4 45. Rxa7 e4 46. Rc2
Bd4 47. Ra6+ Kf5 48. Rc6 1/2-1/2

[Event "4NCL Division 4 South"]
[Site "Reading, ENG"]
[Date "2017.11.11"]
[Round "1.65"]
[White "Majer, Chris E"]
[Black "Ray, Hiya"]
[Result "1-0"]
[WhiteElo "1874"]
[BlackElo "1625"]
[PlyCount "47"]
[EventDate "2017.11.11"]
[WhiteTeam "MK Phoenix 2"]
[BlackTeam "West is Best 4"]

1. e4 c5 2. d4 cxd4 3. c3 Nf6 4. e5 Nd5 5. cxd4 Nc6 6. Nc3 Nxc3 7. bxc3 e6 8.
Nf3 Be7 9. Bd3 O-O 10. O-O d6 11. Re1 dxe5 12. Nxe5 Qc7 13. Bxh7+ Kxh7 14. Qh5+
Kg8 15. Re3 Nxe5 16. Rh3 f6 17. dxe5 Qxe5 18. Qh7+ Kf7 19. Bh6 f5 20. Rg3 Rg8
21. Rd1 Bf6 22. Qg6+ Kf8 23. Re3 Qc7 24. Qxf6+ 1-0

[Event "4NCL Division 4 South"]
[Site "Reading, ENG"]
[Date "2017.11.11"]
[Round "1.66"]
[White "Fowler, Caspian"]
[Black "Shaw, John S"]
[Result "1-0"]
[WhiteElo "1458"]
[BlackElo "1709"]
[PlyCount "61"]
[EventDate "2017.11.11"]
[WhiteTeam "West is Best 4"]
[BlackTeam "MK Phoenix 2"]

1. e4 c5 2. c3 Nf6 3. e5 Nd5 4. d4 cxd4 5. cxd4 d6 6. exd6 e6 7. Nf3 Bxd6 8.
Nc3 Nd7 9. Nxd5 exd5 10. Bd3 Qe7+ 11. Be3 Bb4+ 12. Nd2 O-O 13. O-O Nf6 14. Bg5
h6 15. Bf4 Be6 16. Re1 Bd6 17. Qf3 Rac8 18. h3 Bxf4 19. Qxf4 Qc7 20. Qh4 Rfe8
21. Re3 Qd6 22. g4 Rc6 23. g5 hxg5 24. Qxg5 Ne4 25. Nxe4 dxe4 26. Bxe4 Bd5 27.
Rg3 g6 28. Bxd5 Rc2 29. Qf5 Ree2 30. Qxf7+ Kh8 31. Qg8# 1-0

[Event "4NCL Division 4 South"]
[Site "Reading, ENG"]
[Date "2017.11.11"]
[Round "1.71"]
[White "Rudge, Jerry F"]
[Black "Smith, Olivia"]
[Result "1/2-1/2"]
[WhiteElo "2050"]
[BlackElo "2095"]
[PlyCount "69"]
[EventDate "2017.11.11"]
[WhiteTeam "Watford"]
[BlackTeam "Fischer's Catch"]

1. e4 e5 2. Nf3 Nf6 3. Nxe5 d6 4. Nc4 Nxe4 5. d4 Be7 6. Bd3 d5 7. Ne3 O-O 8.
O-O Nc6 9. c3 Bd6 10. Nxd5 Bxh2+ 11. Kxh2 Qxd5 12. Qf3 Nf6 13. Qxd5 Nxd5 14.
Na3 Nce7 15. Bd2 Bf5 16. Be2 Ng6 17. g3 Rfe8 18. Bf3 Be4 19. Bxe4 Rxe4 20. Rfe1
Rae8 21. Rxe4 Rxe4 22. Re1 Rxe1 23. Bxe1 f5 24. c4 Nb6 25. b3 c6 26. Kg2 Kf7
27. Kf3 h5 28. Nc2 h4 29. Kg2 f4 30. Nb4 hxg3 31. fxg3 fxg3 32. Bxg3 Ne7 33.
Nd3 Nd7 34. Kf3 Ke6 35. Nf4+ 1/2-1/2

[Event "4NCL Division 4 South"]
[Site "Reading, ENG"]
[Date "2017.11.11"]
[Round "1.72"]
[White "Rathbone-Jones, Ifan"]
[Black "Nelson, Omowale"]
[Result "0-1"]
[WhiteElo "1787"]
[BlackElo "1946"]
[PlyCount "88"]
[EventDate "2017.11.11"]
[WhiteTeam "Fischer's Catch"]
[BlackTeam "Watford"]

1. d4 d5 2. c4 dxc4 3. e3 Nf6 4. Bxc4 e6 5. Qb3 a6 6. a4 c5 7. Nf3 Nc6 8. dxc5
Bxc5 9. Bd2 Na5 10. Qc2 Nxc4 11. Qxc4 b6 12. b4 Be7 13. O-O Bb7 14. Qe2 Nd5 15.
Rd1 Qc7 16. Rc1 Qd6 17. b5 Bf6 18. Ra2 O-O 19. e4 Nf4 20. Bxf4 Qxf4 21. Nbd2 g5
22. g3 Qb8 23. e5 Bg7 24. Nc4 axb5 25. Nxb6 Bxf3 26. Qxf3 Qxb6 27. Rb1 Qd4 28.
a5 b4 29. a6 Qc4 30. Ra4 Rxa6 31. Raxb4 Qc5 32. Rb5 Qd4 33. R1b4 Ra1+ 34. Kg2
Qd1 35. Qe3 g4 36. Rxg4 Qxg4 37. Rb3 Qd1 38. Rd3 Qf1+ 39. Kf3 Qh1+ 40. Kg4 Qxh2
41. Qg5 Ra4+ 42. Kf3 Qh1+ 43. Ke2 Ra2+ 44. Rd2 Qe4+ 0-1

[Event "4NCL Division 4 South"]
[Site "Reading, ENG"]
[Date "2017.11.11"]
[Round "1.73"]
[White "Lancaster, Roger"]
[Black "Sivarajasingam, Shayanna"]
[Result "1/2-1/2"]
[WhiteElo "1997"]
[BlackElo "1688"]
[PlyCount "134"]
[EventDate "2017.11.11"]
[WhiteTeam "Watford"]
[BlackTeam "Fischer's Catch"]

1. e4 e6 2. d4 d5 3. Nd2 dxe4 4. Nxe4 Nd7 5. Nf3 Ngf6 6. Bg5 Be7 7. Nxf6+ Nxf6
8. Bd3 h6 9. Be3 O-O 10. Qe2 c5 11. dxc5 Qc7 12. Rd1 Bxc5 13. O-O b6 14. Bxc5
Qxc5 15. Qe5 Qxe5 16. Nxe5 Bb7 17. Bb5 Rfd8 18. Bc6 Bxc6 19. Nxc6 Rxd1 20. Rxd1
Kf8 21. c3 Ke8 22. a3 Nd5 23. Kf1 Ne7 24. Ne5 f6 25. Nc4 Nd5 26. Nd6+ Ke7 27.
Nb5 Rd8 28. Nd4 Kf7 29. Ke1 Nc7 30. Nc6 Rxd1+ 31. Kxd1 a6 32. Kd2 e5 33. a4 Ke6
34. a5 b5 35. Kd3 Kd6 36. Nb4 Kc5 37. g4 g6 38. b3 f5 39. gxf5 gxf5 40. f3 Kd6
41. c4 Kc5 42. Kc3 bxc4 43. bxc4 e4 44. fxe4 fxe4 45. h3 e3 46. Nd3+ Kd6 47.
Kd4 e2 48. Ke3 Ne6 49. Kxe2 Nd4+ 50. Ke3 Nb3 51. Ke4 Nxa5 52. c5+ Kc6 53. Nb4+
Kxc5 54. Nxa6+ Kd6 55. Kf5 Nc4 56. Kg6 Ne3 57. Kxh6 Ng2 58. Kg5 Ke6 59. Nc5+
Kf7 60. Ne4 Kg7 61. Kg4 Kg6 62. Kg3 Ne3 63. Kf4 Ng2+ 64. Kf3 Nh4+ 65. Kg4 Ng2
66. Ng3 Ne3+ 67. Kf3 Nf5 1/2-1/2

[Event "4NCL Division 4 South"]
[Site "Reading, ENG"]
[Date "2017.11.11"]
[Round "1.74"]
[White "Sivarajasingam, Venetia"]
[Black "Dunlop, Neil J"]
[Result "1-0"]
[WhiteElo "1713"]
[BlackElo "1824"]
[PlyCount "51"]
[EventDate "2017.11.11"]
[WhiteTeam "Fischer's Catch"]
[BlackTeam "Watford"]

1. e4 d5 2. exd5 Qxd5 3. Nc3 Qd6 4. d4 Nf6 5. Nf3 c6 6. g3 Bf5 7. Bg2 e6 8. O-O
h6 9. Bf4 Qd8 10. Re1 Bd6 11. Be5 O-O 12. Qd2 Qc7 13. Bxf6 gxf6 14. Qxh6 Bxc2
15. Qxf6 Qd8 16. Qh6 Nd7 17. Ne4 Be7 18. Rac1 Bd3 19. Re3 Bb5 20. Nfg5 Bxg5 21.
Nxg5 Nf6 22. Rf3 Qxd4 23. Rxf6 Bd3 24. Rd1 Qxb2 25. Rxd3 Qb1+ 26. Bf1 1-0

[Event "4NCL Division 4 South"]
[Site "Reading, ENG"]
[Date "2017.11.11"]
[Round "1.75"]
[White "Pigott, Darrell N"]
[Black "Fraser, Susanna"]
[Result "1-0"]
[WhiteElo "1862"]
[BlackElo "1464"]
[PlyCount "79"]
[EventDate "2017.11.11"]
[WhiteTeam "Watford"]
[BlackTeam "Fischer's Catch"]

1. e4 e5 2. Nf3 Nc6 3. Bb5 Nge7 4. O-O g6 5. c3 Bg7 6. d4 exd4 7. cxd4 O-O 8.
Nc3 a6 9. Ba4 d6 10. h3 f5 11. Bb3+ Kh8 12. Bg5 fxe4 13. Nxe4 Bf5 14. Ng3 Qd7
15. Re1 Rae8 16. Rc1 h6 17. Bxe7 Rxe7 18. Rxe7 Qxe7 19. Nxf5 Rxf5 20. d5 Ne5
21. Nd4 Rf7 22. Ne6 c6 23. f4 Nd7 24. dxc6 bxc6 25. Rxc6 Nf8 26. Nxg7 Rxg7 27.
Qxd6 Qxd6 28. Rxd6 Ra7 29. Bc4 a5 30. f5 Kg7 31. f6+ Kh7 32. Rd8 Rc7 33. b3 Nd7
34. Bg8+ Kh8 35. Be6+ Kh7 36. Bxd7 Rc1+ 37. Kf2 Rd1 38. f7 Kg7 39. f8=Q+ Kh7
40. Qg8# 1-0

[Event "4NCL Division 4 South"]
[Site "Reading, ENG"]
[Date "2017.11.11"]
[Round "1.76"]
[White "Jaberansari, Daniel"]
[Black "Charles, Simon"]
[Result "1/2-1/2"]
[WhiteElo "1442"]
[BlackElo "1780"]
[PlyCount "102"]
[EventDate "2017.11.11"]
[WhiteTeam "Fischer's Catch"]
[BlackTeam "Watford"]

1. e4 c5 2. a3 Nc6 3. b4 cxb4 4. axb4 Nxb4 5. c3 Nc6 6. d4 d6 7. d5 Ne5 8. f4
Nd7 9. Bb5 e6 10. c4 exd5 11. cxd5 Be7 12. e5 Qb6 13. Qe2 dxe5 14. fxe5 Bb4+
15. Bd2 Bxd2+ 16. Nxd2 Kf8 17. Rb1 Qd8 18. Ngf3 a6 19. Bc4 b5 20. Bd3 Nb6 21.
d6 Be6 22. O-O Nd5 23. Ne4 Nf4 24. Qe3 Nxd3 25. Qxd3 Bc4 26. Qd4 Bxf1 27. Rxf1
Rb8 28. Nfg5 Qb6 29. Qxb6 Rxb6 30. d7 Ke7 31. Nxf7 Kxd7 32. Nxh8 Nh6 33. Nf7
Nxf7 34. Rxf7+ Ke6 35. Ra7 Kd5 36. Nd2 Kxe5 37. Rxg7 h6 38. Nb3 Kf6 39. Ra7 Rc6
40. Kf2 Ke5 41. Ke1 Kd5 42. Kd2 Rg6 43. g3 Kc4 44. Nc1 Kb4 45. Nd3+ Ka5 46. Nc5
b4 47. Nd3 Kb6 48. Rf7 a5 49. Rf5 Rd6 50. Kc2 Rc6+ 51. Kb2 Rd6 1/2-1/2

[Event "4NCL Division 4 South"]
[Site "Reading, ENG"]
[Date "2017.11.11"]
[Round "1.81"]
[White "Foster, Cyril"]
[Black "Pink, Joshua"]
[Result "0-1"]
[WhiteElo "1915"]
[BlackElo "2065"]
[PlyCount "126"]
[EventDate "2017.11.11"]
[WhiteTeam "Oxford 4"]
[BlackTeam "Throw in the Tal"]

1. d4 Nf6 2. c4 c5 3. d5 Ne4 4. g3 g6 5. Bg2 Qa5+ 6. Nd2 Nd6 7. Ngf3 Nxc4 8.
O-O Nxd2 9. Bxd2 Qc7 10. Bc3 f6 11. Qc2 Bg7 12. h4 d6 13. h5 Bf5 14. e4 Bg4 15.
hxg6 hxg6 16. Nh4 g5 17. e5 Rh6 18. Nf5 Bxf5 19. Qxf5 dxe5 20. d6 Qd7 21. Qe4
Nc6 22. dxe7 Qxe7 23. Rac1 Rd8 24. Qa4 Qe6 25. Rfd1 Bf8 26. Ba5 Rxd1+ 27. Rxd1
Be7 28. Bd5 Qc8 29. Bxc6+ Qxc6 30. Qxc6+ bxc6 31. Bc7 Rh7 32. Kg2 Kf7 33. Bb8
Ke6 34. Bxa7 Bd6 35. Bb6 Rb7 36. Ba5 Rxb2 37. Rd2 Rxd2 38. Bxd2 c4 39. f3 Kd5
40. Bc3 Ba3 41. Kf2 c5 42. Ke3 Bb4 43. Kd2 Kc6 44. Kc2 Kb5 45. g4 Ka4 46. Bb2
c3 47. Bxc3 Ka3 48. Bb2+ Kxa2 49. Bc1 Ba5 50. Bb2 Be1 51. Bc1 Bf2 52. Bb2 Bd4
53. Bc1 c4 54. Bd2 Ka3 55. Ba5 Ka4 56. Bd8 e4 57. fxe4 Kb5 58. Be7 Kc6 59. Bb4
Kd7 60. Bc3 Bxc3 61. Kxc3 Ke6 62. Kxc4 Ke5 63. Kd3 Kf4 0-1

[Event "4NCL Division 4 South"]
[Site "Reading, ENG"]
[Date "2017.11.11"]
[Round "1.82"]
[White "Nwachukwu, Chino"]
[Black "Neatherway, A Philip"]
[Result "1-0"]
[WhiteElo "1945"]
[BlackElo "1809"]
[PlyCount "57"]
[EventDate "2017.11.11"]
[WhiteTeam "Throw in the Tal"]
[BlackTeam "Oxford 4"]

1. e4 e6 2. d4 d5 3. Nd2 Nf6 4. e5 Nfd7 5. Bd3 c5 6. c3 Nc6 7. Ne2 f6 8. Nf4
Qe7 9. exf6 Nxf6 10. O-O Qd6 11. Nf3 cxd4 12. Re1 Be7 13. c4 O-O 14. cxd5 exd5
15. Ng5 Ne4 16. Nxe4 dxe4 17. Rxe4 Bf5 18. Bc4+ Kh8 19. Re1 Ne5 20. Bb3 Bg5 21.
Qh5 h6 22. h3 g6 23. Qd1 Rae8 24. Nd5 Bxh3 25. f4 Bxg2 26. Kxg2 Nc6 27. Rxe8
Rxe8 28. fxg5 Re4 29. Qf3 1-0

[Event "4NCL Division 4 South"]
[Site "Reading, ENG"]
[Date "2017.11.11"]
[Round "1.83"]
[White "Cole, Graham"]
[Black "Ireland, David J"]
[Result "1/2-1/2"]
[WhiteElo "1824"]
[BlackElo "2012"]
[PlyCount "49"]
[EventDate "2017.11.11"]
[WhiteTeam "Oxford 4"]
[BlackTeam "Throw in the Tal"]

1. e4 c5 2. Nf3 d6 3. d4 cxd4 4. Nxd4 Nf6 5. Nc3 g6 6. Be3 Bg7 7. f3 Nc6 8. Qd2
O-O 9. O-O-O d5 10. Kb1 Nxd4 11. e5 Nf5 12. exf6 exf6 13. Bc5 Re8 14. Qxd5 Qxd5
15. Nxd5 Be6 16. Bb5 Rec8 17. Ne7+ Nxe7 18. Bxe7 a6 19. Ba4 b5 20. Bb3 Re8 21.
Bxe6 Rxe7 22. Bd5 Rae8 23. Be4 f5 24. Bd3 Rb8 25. Rhe1 1/2-1/2

[Event "4NCL Division 4 South"]
[Site "Reading, ENG"]
[Date "2017.11.11"]
[Round "1.84"]
[White "Atara, Omeet J"]
[Black "Lim, Wei Xinq Sean"]
[Result "1/2-1/2"]
[WhiteElo "1802"]
[BlackElo "1740"]
[Annotator "Alan"]
[PlyCount "97"]
[EventDate "2017.11.11"]
[WhiteTeam "Throw in the Tal"]
[BlackTeam "Oxford 4"]

1. d4 Nf6 2. Nf3 e6 3. Bf4 d5 4. e3 b6 5. Ne5 Ba6 6. Bxa6 Nxa6 7. Qe2 Nb8 8.
Qb5+ Nfd7 9. Nxd7 Qxd7 10. a4 a6 11. Qxd7+ Kxd7 12. c3 Be7 13. Nd2 Nc6 14. Bg3
h5 15. h3 g5 16. O-O f5 17. Nf3 h4 18. Ne5+ Nxe5 19. Bxe5 Rhg8 20. Kh2 c6 21.
b4 a5 22. Rfb1 axb4 23. cxb4 Ra6 24. b5 Ra7 25. bxc6+ Kxc6 26. Rc1+ Kd7 27.
Rab1 Bd8 28. Rb4 Bc7 29. Bxc7 Rxc7 30. Rcb1 Ra8 31. g3 Rc6 32. Rxb6 Rxb6 33.
Rxb6 Rxa4 34. Rb7+ Kc6 35. Rg7 hxg3+ 36. Kxg3 f4+ 37. Kf3 fxe3 38. fxe3 e5 39.
Rg6+ Kc7 40. dxe5 Rh4 41. Rxg5 Rxh3+ 42. Ke2 Kd7 43. Rg6 Rh5 44. Rd6+ Ke7 45.
Rxd5 Ke6 46. Rd6+ Kxe5 47. Rb6 Rh3 48. Kd3 Kd5 49. Ra6 {[scoresheets do not
agree]} 1/2-1/2

[Event "4NCL Division 4 South"]
[Site "Reading, ENG"]
[Date "2017.11.11"]
[Round "1.85"]
[White "Rowan, Daniel"]
[Black "Goodwin, Ed H"]
[Result "1-0"]
[WhiteElo "1813"]
[BlackElo "1870"]
[PlyCount "141"]
[EventDate "2017.11.11"]
[WhiteTeam "Oxford 4"]
[BlackTeam "Throw in the Tal"]

1. d4 e6 2. g3 f5 3. Bg2 Nf6 4. c4 Be7 5. Nh3 O-O 6. O-O d6 7. Qb3 c6 8. Rd1
Qb6 9. Nc3 Qxb3 10. axb3 Na6 11. d5 cxd5 12. cxd5 e5 13. Ng5 Nc7 14. b4 Bd7 15.
Ne6 Nxe6 16. dxe6 Bc6 17. Bh3 a6 18. Bxf5 d5 19. Na2 Bb5 20. Bd3 Bxd3 21. Rxd3
d4 22. f4 exf4 23. Rxd4 fxg3 24. hxg3 Rad8 25. Rxd8 Rxd8 26. Bg5 Rd6 27. Rc1
Rxe6 28. Rc8+ Kf7 29. Nc3 Kg6 30. Bh4 Bxb4 31. Bxf6 gxf6 32. Nd5 Bd6 33. Kf2
Re5 34. Nf4+ Kf5 35. Kf3 Bc5 36. Rd8 Kg5 37. Rd7 Re3+ 38. Kg2 b6 39. Rxh7 Kf5
40. Rh5+ Ke4 41. Rh4 Ke5 42. Nd3+ Kd6 43. b4 Rxe2+ 44. Kf1 Rc2 45. bxc5+ bxc5
46. Ra4 Kd5 47. Rxa6 Kd4 48. Ne1 Rc3 49. Kf2 f5 50. Nf3+ Kd5 51. Rb6 Ke4 52.
Re6+ Kd5 53. Re5+ Kd6 54. Rxf5 Kc6 55. g4 Ra3 56. Ne5+ Kc7 57. Nc4 Ra2+ 58. Ke3
Kc6 59. g5 Rg2 60. Kf4 Kb5 61. Nd6+ Kb4 62. Ke5 c4 63. Nxc4 Kxc4 64. Kf6 Ra2
65. g6 Ra6+ 66. Kg7 Ra7+ 67. Kh8 Ra8+ 68. Kh7 Kd4 69. g7 Ke4 70. Rf8 Ra7 71.
Kh8 1-0

[Event "4NCL Division 4 South"]
[Site "Reading, ENG"]
[Date "2017.11.11"]
[Round "1.86"]
[White "Woolgar, Steven G"]
[Black "Gentry, Alan E"]
[Result "1/2-1/2"]
[WhiteElo "1727"]
[BlackElo "1724"]
[PlyCount "76"]
[EventDate "2017.11.11"]
[WhiteTeam "Throw in the Tal"]
[BlackTeam "Oxford 4"]

1. c4 Nf6 2. Nc3 e5 3. g3 Nc6 4. Bg2 b6 5. Nf3 Rb8 6. O-O Bb7 7. d3 Be7 8. a3
a5 9. Bd2 O-O 10. Rc1 Re8 11. Nd5 Bf8 12. Bg5 h6 13. Bxf6 gxf6 14. e4 Bg7 15.
Nh4 Nd4 16. Qg4 d6 17. Ne3 Bc8 18. Nef5 Bxf5 19. Nxf5 Nxf5 20. Qxf5 Qe7 21. Rc2
Red8 22. Bh3 Qe8 23. Rfc1 Qa4 24. Qf3 c5 25. Qd1 b5 26. Qd2 b4 27. axb4 Rxb4
28. Qd1 Qc6 29. Ra1 Qb6 30. Ra2 a4 31. Qa1 Qc6 32. Rc3 Rdb8 33. Rca3 Qb7 34.
Rxa4 Rxb2 35. Qxb2 Qxb2 36. Rxb2 Rxb2 37. Ra8+ Bf8 38. Bf1 Kg7 1/2-1/2

[Event "4NCL Division 4 South"]
[Site "Reading, ENG"]
[Date "2017.11.11"]
[Round "1.91"]
[White "Heard, Andrew H"]
[Black "Gregory, Keith D F"]
[Result "1/2-1/2"]
[WhiteElo "1887"]
[BlackElo "1979"]
[PlyCount "84"]
[EventDate "2017.11.11"]
[WhiteTeam "Invicta Chess"]
[BlackTeam "Wessex B"]

1. d4 d6 2. g3 e5 3. dxe5 dxe5 4. Qxd8+ Kxd8 5. Bg2 c6 6. Nf3 f6 7. Nbd2 Be6 8.
O-O Nd7 9. e4 Kc7 10. Nb3 h5 11. Be3 Ne7 12. Nc5 Nxc5 13. Bxc5 b6 14. Be3 Ng6
15. h4 Be7 16. a4 Nf8 17. a5 Nd7 18. Kh2 Bc5 19. Bxc5 Nxc5 20. Ng1 Rhd8 21. b4
Nb7 22. axb6+ axb6 23. Bf3 Bg4 24. Kg2 Nd6 25. Bxg4 hxg4 26. f3 gxf3+ 27. Kxf3
Nc4 28. Rfd1 Rxd1 29. Rxd1 Ra2 30. c3 Rc2 31. Ne2 Nd6 32. Rc1 Ra2 33. Ng1 Kd7
34. Nh3 Ke6 35. Nf2 Nc4 36. Ng4 Rd2 37. Nf2 Ra2 38. Ng4 Nd6 39. Ne3 g6 40. g4
Rh2 41. Kg3 Re2 42. Kf3 Rh2 1/2-1/2

[Event "4NCL Division 4 South"]
[Site "Reading, ENG"]
[Date "2017.11.11"]
[Round "1.92"]
[White "Bellers, Chris J"]
[Black "Gazes, Matthew"]
[Result "1-0"]
[WhiteElo "1991"]
[BlackElo "1766"]
[PlyCount "55"]
[EventDate "2017.11.11"]
[WhiteTeam "Wessex B"]
[BlackTeam "Invicta Chess"]

1. c4 e5 2. g3 Nf6 3. Bg2 c6 4. Nf3 e4 5. Nd4 d5 6. Nc3 Nbd7 7. cxd5 cxd5 8. d3
Bb4 9. O-O O-O 10. dxe4 Bxc3 11. bxc3 dxe4 12. Ba3 Re8 13. Nb5 Qa5 14. Qb3 Re5
15. Nd6 Re6 16. Bh3 Rxd6 17. Bxd6 Nc5 18. Bxc5 Bxh3 19. Qxb7 Re8 20. Qxa7 Qxc3
21. Bd4 Qc4 22. Rfe1 Qe6 23. Rab1 Ng4 24. Rb8 h5 25. Rxe8+ Qxe8 26. Rb1 Qe6 27.
Qc5 Nh6 28. Qe5 1-0

[Event "4NCL Division 4 South"]
[Site "Reading, ENG"]
[Date "2017.11.11"]
[Round "1.93"]
[White "Dovey, Andrew JW"]
[Black "De Coverly, Roger D"]
[Result "0-1"]
[WhiteElo "1757"]
[BlackElo "1917"]
[PlyCount "90"]
[EventDate "2017.11.11"]
[WhiteTeam "Invicta Chess"]
[BlackTeam "Wessex B"]

1. h3 e5 2. e3 d5 3. b3 Bd6 4. Bb2 Ne7 5. d4 exd4 6. Bxd4 O-O 7. Bd3 Nbc6 8.
Bb2 Nb4 9. g4 c5 10. a3 Nxd3+ 11. Qxd3 Be6 12. Nf3 f6 13. Nbd2 Qc7 14. O-O-O
Rfd8 15. Qc3 Nc6 16. g5 f5 17. h4 Rac8 18. h5 d4 19. exd4 cxd4 20. Qd3 Bf8 21.
Rde1 Qd7 22. Rh4 Bc5 23. Nc4 Bd5 24. b4 Be4 25. Rhxe4 fxe4 26. Rxe4 Bf8 27.
Nxd4 Qf7 28. h6 Nxd4 29. Rxd4 Rxd4 30. Qxd4 Qxc4 31. Qd2 Qf1+ 32. Qd1 Qxd1+ 33.
Kxd1 gxh6 34. Bf6 hxg5 35. Bxg5 Kf7 36. Kd2 Be7 37. Be3 a6 38. Kd3 Ke6 39. c4
Kf5 40. c5 h5 41. Ke2 h4 42. Kf3 Rg8 43. Bf4 Rg4 44. Bd6 Bxd6 45. cxd6 Rd4 0-1

[Event "4NCL Division 4 South"]
[Site "Reading, ENG"]
[Date "2017.11.11"]
[Round "1.94"]
[White "Adaway, William"]
[Black "Fowler, David J"]
[Result "1-0"]
[WhiteElo "1862"]
[BlackElo "1655"]
[PlyCount "91"]
[EventDate "2017.11.11"]
[WhiteTeam "Wessex B"]
[BlackTeam "Invicta Chess"]

1. e4 e6 2. d4 d5 3. Nc3 Bb4 4. exd5 exd5 5. Bd3 c6 6. Qf3 Qf6 7. Qd1 Qd8 8.
Nf3 Nf6 9. O-O O-O 10. Ne5 Nbd7 11. Bg5 h6 12. Bh4 Re8 13. f4 c5 14. Nxd7 Bxd7
15. Nxd5 Be6 16. Nxf6+ gxf6 17. c3 c4 18. Bb1 Bf8 19. Be4 Bg7 20. Qf3 Re7 21.
f5 Bc8 22. Bd5 Kh8 23. Bxc4 Qc7 24. Bb3 Bd7 25. Bg3 Qb6 26. Rae1 Bc6 27. Qf2
Rae8 28. Rxe7 Rxe7 29. Re1 Qd8 30. Rxe7 Qxe7 31. d5 Bd7 32. d6 Qe4 33. Bc2 Qe8
34. Qe1 Qxe1+ 35. Bxe1 Bf8 36. Bg3 Kh7 37. Be4 b6 38. Kf2 h5 39. Kf3 h4 40. Bf4
Bh6 41. Ke3 Bg5 42. g3 Kh6 43. Bxg5+ fxg5 44. gxh4 gxh4 45. Kf4 f6 46. Bd5 1-0